000 00459cam a2200145 4500500
005 20260412000934.0
041 _afre
042 _adc
100 1 0 _aTilby, Michaël
_eauthor
245 0 0 _aAutour du « Dernier Chouan »
260 _c2002.
500 _a99
786 0 _nL'Année balzacienne | 3 | 1 | 2002-03-01 | p. 229-268 | 0084-6473
856 4 1 _uhttps://shs.cairn.info/revue-l-annee-balzacienne-2002-1-page-229?lang=fr&redirect-ssocas=7080
999 _c2211179
_d2211179